| 000 | 00826nam a2200265 i 4500 | ||
|---|---|---|---|
| 001 | 129227 | ||
| 003 | ES-MaACL | ||
| 005 | 20250822155655.0 | ||
| 007 | t| | ||
| 008 | 070608s1968 sp ||||1| spa d | ||
| 080 | _a7(462.21 Trujillo) | ||
| 080 | _a914.622.1 Trujillo | ||
| 080 | _a946.221.Trujillo | ||
| 100 | 1 |
_aTena Fernández, Juan. _9109688 |
|
| 245 | 1 | 0 |
_aTrujillo histórico y monumental / _cJuan Tena Fernández. |
| 250 | _a1ª ed. | ||
| 260 |
_a[Alicante : _bs.n., _c1968] ( _fArt. Gráf. Alicante) |
||
| 300 |
_a54 p. : _bil. ; _c32 cm. |
||
| 500 | _aRet. Aut. | ||
| 650 | 1 | 4 |
_aArte- _zTrujillo (Cáceres) _910143 |
| 651 | 0 |
_aTrujillo (Cáceres)- _xHistoria _9234057 |
|
| 651 | 4 |
_aTrujillo (Cáceres)- _xDescripción _99458 |
|
| 852 |
_aES-MaACL _jC-29275 _bR.67330 |
||
| 999 |
_c129227 _d129227 |
||